Over hills and mountains : a novel / (Record no. 1451)

MARC details
000 -LEADER
fixed length control field 00528nam a2200193 4500
003 - CONTROL NUMBER IDENTIFIER
control field OSt
005 - DATE AND TIME OF LATEST TRANSACTION
control field 20240627014654.0
008 - FIXED-LENGTH DATA ELEMENTS--GENERAL INFORMATION
fixed length control field 240627b |||||||| |||| 00| 0 eng d
020 ## - INTERNATIONAL STANDARD BOOK NUMBER
International Standard Book Number 9789719408321
040 ## - CATALOGING SOURCE
Original cataloging agency DWCL-Main lib.
Transcribing agency OC
082 ## - DEWEY DECIMAL CLASSIFICATION NUMBER
Classification number Fil. 808.3 M578o 2011
006 - FIXED-LENGTH DATA ELEMENTS--ADDITIONAL MATERIAL CHARACTERISTICS
fixed length control field a
100 ## - MAIN ENTRY--PERSONAL NAME
Personal name Mesias, Ladie
245 ## - TITLE STATEMENT
Title Over hills and mountains : a novel /
260 ## - PUBLICATION, DISTRIBUTION, ETC.
Place of publication, distribution, etc. Naga City :
Name of publisher, distributor, etc. AMS Press,
Date of publication, distribution, etc. c2011.
300 ## - PHYSICAL DESCRIPTION
Other physical details 173 p. ;
Dimensions 17 cm.
650 ## - SUBJECT ADDED ENTRY--TOPICAL TERM
Topical term or geographic name entry element 1. Human rights-stories, plots, etc.
942 ## - ADDED ENTRY ELEMENTS (KOHA)
Source of classification or shelving scheme Dewey Decimal Classification
Suppress in OPAC No
Koha item type Book-Filipiniana
Call number prefix Fil.
Holdings
Withdrawn status Lost status Source of classification or shelving scheme Damaged status Not for loan Home library Current library Shelving location Date acquired Source of acquisition Total Checkouts Full call number Barcode Date last seen Copy number Price effective from Koha item type Uniform Resource Identifier
    Dewey Decimal Classification     College Library College Library Filipiniana 01/10/2012 School Fund   Fil. 808.3 M578o 2011 49050 06/27/2024 c1 06/27/2024 Book-Filipiniana
    Dewey Decimal Classification     College Library College Library Filipiniana 01/10/2012 School Fund   Fil. 808.3 M578o 2011 49051 06/27/2024 c2 06/27/2024 Book-Filipiniana